| 000 | 00733cam a2200205 a 4500 | ||
|---|---|---|---|
| 001 | 000018327 | ||
| 005 | 20200929165445.0 | ||
| 008 | 830718s1982 ve b 101 0 spa d | ||
| 040 |
_aDO-SdBNP _bspa _cLC _dBNPHU |
||
| 050 | 0 | 0 |
_aPQ8549.B3 _bZ6137 1982 |
| 082 |
_ann* _bnn* |
||
| 245 | 0 | 0 |
_aBello y la América Latina : _bcuarto congreso del bicentenario. |
| 260 |
_aCaracas : _bFundacion La Casa de Bello, _c1982. |
||
| 300 |
_axiii, 585 p. ; _c23 cm. |
||
| 504 | _aIncluye referencias bibliográficas e índice. | ||
| 600 | 1 | 0 |
_aBello, Andres, _d1781-1865 _xCongresses. _924970 |
| 710 | 1 |
_aComision Nacional para la Celebración del Bicentenario de Don Andres Bello. _96771 |
|
| 910 | _aCatalogación derivada / LC | ||
| 049 | _aBNGR | ||
| 999 |
_c17848 _d17848 |
||